| 000 | 01237cam a22003135a 4500 | ||
|---|---|---|---|
| 003 | OSt | ||
| 005 | 20201124142105.0 | ||
| 008 | 100808s2006 ua |||fr000 001 0dara d | ||
| 020 | _a9770914614 ج1 | ||
| 020 | _a9770914606 ج2 | ||
| 020 | _a9770914492 ج3 | ||
| 020 | _a9770914576 ج4 | ||
| 020 | _a9770914584 ج5 | ||
| 040 |
_aEG-ScBUE _bara _cEG-ScBUE |
||
| 082 | 0 | 4 |
_a297.272 _bع ب د _222 |
| 100 | 1 |
_aعبده، محمد _916691 |
|
| 245 |
_aالأعمال الكاملة للإمام الشيخ محمد عبده / _cمحمد عبده؛ تحقيق وتقديم محمد عمارة |
||
| 250 | _aط 2 | ||
| 260 |
_aالقاهرة: _bدار الشروق، _c2006. |
||
| 300 |
_a5 مج؛ _c25 سم |
||
| 500 | _aيشتمل على فهارس . | ||
| 504 | _aيشتمل على إرجاعات ببليوجرافية | ||
| 505 | _aج1، في الكتابات السياسية -- ج2، في الكتابات الاجتماعية -- ج3، الإصلاح الفكري والتربوي والإلهيات -- ج5،4، تفسير القرءان | ||
| 590 | _adoaa mohamed | ||
| 650 |
_aالإصلاح الإجتماعي _920615 _2BUEsh |
||
| 651 | _2BUEsh | ||
| 653 |
_bARALIT _cAugust2015 |
||
| 942 |
_cBB _k297.272 ع ب د _2ddc |
||
| 999 |
_c7860 _d7860 |
||